MARC

LEADER 00000nam0a2200000 4500
001 285534
005 20251220071622.0
020 |a RU  |b 85-42243 
035 |a (RuTPU)RU\TPU\book\309777 
090 |a 285534 
100 |a 20150225d1985 k y0rusy5003 ca 
101 0 |a rus 
102 |a RU 
105 |a a z 001zy 
200 1 |a Дифференциальные, многошаговые, бескоалиционные и иерархические игры  |e сборник научных трудов  |f Калининский государственный университет ; под ред. В. Н. Лагунова 
210 |a Калинин  |c Изд-во КГУ  |d 1985 
215 |a 142 с.  |c ил. 
320 |a Библиогр. в конце ст. 
606 1 |a Игр теория  |2 stltpush  |3 (RuTPU)RU\TPU\subj\12163  |9 38998 
610 1 |a математика 
610 1 |a дифференциальные игры 
610 1 |a многошаговые игры 
610 1 |a бескоалиционные игры 
610 1 |a иерархические игры 
610 1 |a управляемые процессы 
610 1 |a динамические задачи 
610 1 |a многокритериальная оптимизация 
610 1 |a научные труды 
675 |a 519.83  |v 3 
702 1 |a Лагунов  |b В. Н.  |4 340 
712 0 2 |7 ca  |8 rus  |a Калининский государственный университет  |c 1971-1990  |2 stltpush  |3 (RuTPU)RU\TPU\col\6821  |9 24273 
801 0 |a RU  |b RuMRKP  |c 19950704  |g psbo 
801 1 |a RU  |b 63413507  |c 20150225 
801 2 |a RU  |b 63413507  |c 20171218  |g RCR 
942 |c BK